000 00491nam a2200205Ia 4500
003 OSt
005 20260218152453.0
008 250729s2003 xx 000 0 und d
020 _a9780520295582
040 _cAL
041 _aeng
082 _a370 IGNE
100 _aIGNOU
_9229328
245 _aEducation and society:understanding education
260 _aNew Delhi
_c2003
300 _a68p
650 _aEducation
_9229329
700 _aRao Digumurthi
_9229330
942 _2ddc
_cBED
999 _c238295
_d238295